000 00560nam a2200157Ia 4500
008 170221s9999 xx 000 0 und d
100 _aYonghong Chen
245 _aEnergy Efficiency Analysis of Multi-Antenna Heterogeneous Relay-Assisted Cellular Network via Stochastic Geometry
245 _cYonghong Chen, Jie Yang, Xuehong Cao, and Rui Chen
260 _bJournal of Communications
260 _c2015
300 _a18 :
650 _xCommunication
650 _xMedia Arts
856 _uhttp://www.jocm.us/index.php?m=content&c=index&a=lists&catid=168
999 _c308699
_d308699